000 00747nam a2200205 a 4500
001 000373326
003 AM-YeHGA
005 20250618072301.0
008 041025s2004 ai 000 | arm d
020 _a9994190873
040 _aAM-YeHGA
041 0 _aarm
100 1 _aԱռաքելյան, Վազգեն Գևորգի,
_d1941-
_91983
245 1 0 _aԽաչքար մայրիկիս :
_b(Գիրք հիշատակի) /
_cՎ. Առաքելյան; Խմբ.՝ Հ. Մելքոնյան.
260 _aԵրևան :
_bՍարվարդ հրատ.,
_c2004.
300 _a405 էջ ;
_c20 սմ.
650 1 4 _aՀայ գրականություն
_xՊոեզիա
700 1 _aՄելքոնյան, Հովհաննես Ռուբենի,
_d1937-
_eխմբ.
_4edt
090 _c144020
999 _c142639
_d142639